Oktoberfest-Will Glahè and His Orchestra-Music and Sound Effects of This Famous Festival (Record n. 99542)

Dettagli MARC
000 -LEADER
fixed length control field 03550njm a2200553Ia 4500
001 - CONTROL NUMBER
control field 24146
003 - CONTROL NUMBER IDENTIFIER
control field IT-RoPAU
005 - DATE AND TIME OF LATEST TRANSACTION
control field 20220918181118.0
008 - FIXED-LENGTH DATA ELEMENTS--GENERAL INFORMATION
fixed length control field 131025s9999 xx 000 0 und d
040 ## - CATALOGING SOURCE
Original cataloging agency IT-RoPAU
040 ## - CATALOGING SOURCE
Transcribing agency IT-RoPAU
999 ## - SYSTEM CONTROL NUMBERS (KOHA)
Koha Dewey Subclass [OBSOLETE] n.d.
100 ## - MAIN ENTRY--PERSONAL NAME
Personal name AA.VV.
9 (RLIN) 794
100 ## - MAIN ENTRY--PERSONAL NAME
Relator term Autore musica
9 (RLIN) 9153
100 ## - MAIN ENTRY--PERSONAL NAME
Miscellaneous information Codice autore musica SPICS: 12000
9 (RLIN) 796
245 ## - TITLE STATEMENT
Title Oktoberfest-Will Glahè and His Orchestra-Music and Sound Effects of This Famous Festival
250 ## - EDITION STATEMENT
Edition statement 1a ed.
260 ## - PUBLICATION, DISTRIBUTION, ETC. (IMPRINT)
Place of publication, distribution, etc. LONDON
260 ## - PUBLICATION, DISTRIBUTION, ETC. (IMPRINT)
Name of publisher, distributor, etc. DECCA RECORD COMPANY
Date of publication, distribution, etc. 1970 [1a Ed.:1970 - Ed. Lingua Orig.: 1970]
300 ## - PHYSICAL DESCRIPTION
Extent DISCO
500 ## - GENERAL NOTE
General note Musica strumentale. Effetti sonori
505 ## - FORMATTED CONTENTS NOTE
Formatted contents note Bayerische Polka - Trink', Trink', Bruderlein Trink' - Bayerische Schuhplattler - In Munchen Steht Ein Hofbrauhaus - Der Treue Husar - Beer Barrel Polka (Rosamunde) - Das Humbta-Tatera - Alte Kameraden - Du Kannst Nicht Treu Sein - Liechtensteiner Polka - Ja, So Warn's Die Alten Rittersleut - Auf Wiederseh'n Sweetheart
511 ## - PARTICIPANT OR PERFORMER NOTE
Participant or performer note Will Glahè and his Orchestra
650 ## - SUBJECT ADDED ENTRY--TOPICAL TERM
Topical term or geographic name as entry element STRUMENTALE [DISCHI]
Relator term Codice MATERIA SPICS: 9950
9 (RLIN) 828
700 ## - ADDED ENTRY--PERSONAL NAME
Personal name Glahé Will
Miscellaneous information Codice interprete SPICS: 8033
Relator term Interprete
9 (RLIN) 9154
700 ## - ADDED ENTRY--PERSONAL NAME
Personal name Lohmann
Miscellaneous information Codice autore musica SPICS: 14444
Relator term Autore musica
Name of part/section of a work Bayerische Polka
9 (RLIN) 9155
700 ## - ADDED ENTRY--PERSONAL NAME
Personal name Lindemann Wilhelm
Miscellaneous information Codice autore musica SPICS: 14053
Relator term Autore musica
Name of part/section of a work Trink', Trink', Bruderlein Trink'
9 (RLIN) 9156
700 ## - ADDED ENTRY--PERSONAL NAME
Personal name Anonimo
Miscellaneous information Codice autore musica SPICS: 2620
Relator term Autore musica
Name of part/section of a work Bayerische Schuhplattler
9 (RLIN) 9157
700 ## - ADDED ENTRY--PERSONAL NAME
Personal name Gabriel
Miscellaneous information Codice autore musica SPICS: 27136
Relator term Autore musica
Name of part/section of a work In Munchen Steht Ein Hofbrauhaus
9 (RLIN) 9158
700 ## - ADDED ENTRY--PERSONAL NAME
Personal name Reiter
Miscellaneous information Codice autore SPICS: 18011
Relator term Autore
Name of part/section of a work In Munchen Steht Ein Hofbrauhaus
9 (RLIN) 9159
700 ## - ADDED ENTRY--PERSONAL NAME
Personal name Richter Frantisek Xaver
Miscellaneous information Codice autore testo/musica SPICS: 14275
Relator term Autore testo/musica
Name of part/section of a work In Munchen Steht Ein Hofbrauhaus - Beer Barrel Polka (Rosamunde)
9 (RLIN) 9160
700 ## - ADDED ENTRY--PERSONAL NAME
Personal name Frantzen E.
Miscellaneous information Codice autore musica SPICS: 27162
Relator term Autore musica
Name of part/section of a work Der Treue Husar
9 (RLIN) 9161
700 ## - ADDED ENTRY--PERSONAL NAME
Personal name Vejvoda Jaromir
Miscellaneous information Codice autore musica SPICS: 13982
Relator term Autore musica
Name of part/section of a work Beer Barrel Polka (Rosamunde)
9 (RLIN) 9162
700 ## - ADDED ENTRY--PERSONAL NAME
Personal name Brown
Miscellaneous information Codice autore SPICS: 20445
Relator term Autore
Name of part/section of a work Beer Barrel Polka (Rosamunde)
9 (RLIN) 9163
700 ## - ADDED ENTRY--PERSONAL NAME
Personal name Hammerle
Miscellaneous information Codice autore musica SPICS: 27164
Relator term Autore musica
Name of part/section of a work Das Humbta-Tatera
9 (RLIN) 9164
700 ## - ADDED ENTRY--PERSONAL NAME
Personal name Glahé Will
Miscellaneous information Codice autore SPICS: 8033
Relator term Autore
Name of part/section of a work Das Humbta-Tatera - Ja, So Warn's Die Alten Rittersleut
9 (RLIN) 9165
700 ## - ADDED ENTRY--PERSONAL NAME
Personal name Teike C.
Miscellaneous information Codice autore musica SPICS: 13891
Relator term Autore musica
Name of part/section of a work Alte Kameraden
9 (RLIN) 9166
700 ## - ADDED ENTRY--PERSONAL NAME
Personal name Otten
Miscellaneous information Codice autore musica SPICS: 27165
Relator term Autore musica
Name of part/section of a work Du Kannst Nicht Treu Sein
9 (RLIN) 9167
700 ## - ADDED ENTRY--PERSONAL NAME
Personal name Ebeler
Miscellaneous information Codice autore SPICS: 27166
Relator term Autore
Name of part/section of a work Du Kannst Nicht Treu Sein
9 (RLIN) 9168
700 ## - ADDED ENTRY--PERSONAL NAME
Personal name Kotscher
Miscellaneous information Codice autore musica SPICS: 13978
Relator term Autore musica
Name of part/section of a work Liechtensteiner Polka
9 (RLIN) 9169
700 ## - ADDED ENTRY--PERSONAL NAME
Personal name Lindt
Miscellaneous information Codice autore SPICS: 13979
Relator term Autore
Name of part/section of a work Liechtensteiner Polka
9 (RLIN) 9170
700 ## - ADDED ENTRY--PERSONAL NAME
Personal name Valentin
Miscellaneous information Codice autore musica SPICS: 27168
Relator term Autore musica
Name of part/section of a work Ja, So Warn's Die Alten Rittersleut
9 (RLIN) 9171
700 ## - ADDED ENTRY--PERSONAL NAME
Personal name Loffler
Miscellaneous information Codice autore SPICS: 27170
Relator term Autore
Name of part/section of a work Ja, So Warn's Die Alten Rittersleut
9 (RLIN) 9172
700 ## - ADDED ENTRY--PERSONAL NAME
Personal name Storch
Miscellaneous information Codice autore musica SPICS: 13986
Relator term Autore musica
Name of part/section of a work Auf Wiederseh'n Sweetheart
9 (RLIN) 9173
700 ## - ADDED ENTRY--PERSONAL NAME
Personal name Sexton
Miscellaneous information Codice autore SPICS: 27135
Relator term Autore
Name of part/section of a work Auf Wiederseh'n Sweetheart
9 (RLIN) 9174
700 ## - ADDED ENTRY--PERSONAL NAME
Personal name Turner Joe
Miscellaneous information Codice autore testo/musica SPICS: 15797
Relator term Autore testo/musica
Name of part/section of a work Auf Wiederseh'n Sweetheart
9 (RLIN) 9175
700 ## - ADDED ENTRY--PERSONAL NAME
Relator term Autore musica
9 (RLIN) 9176
942 ## - ADDED ENTRY ELEMENTS (KOHA)
Koha item type DISCHI
Source of classification or shelving scheme Dewey Decimal Classification
Dati di copia
Withdrawn status Lost status Damaged status Not for loan Home library Current library Date acquired Total Checkouts Full call number Date last seen Price effective from Koha item type Public note
    Buone Condizioni Not For Loan SPICS-MEDIATECA SPICS-MEDIATECA 25/10/2013   24146 25/10/2013 25/10/2013 DISCHI Progr. Ins.: 4993 / N.Vol.: 1 / Copie: 1 - Copia rara: n.d. / date import: 01.01.2014 - By Epidotti, Trombetti, Vaglietti
CREDITS: SOCIETA' SAN PAOLO Via A.Severo, 58 - ROMA (RM) & PERIODICI SAN PAOLO SRL Via Giotto, 36 MILANO & CISF Via Giotto, 36 MILANO & EDIZIONI SAN PAOLO SRL,  Piazza Soncino, 5 CINISELLO BALSAMO (MI) -- ITALY